Score 0/53 Timer 05:00
0 Plays Today
Hint 4-Letter Word % Correct
Santa Claus checks his twiceLIST
96.5%
Fail to hitMISS
95%
A light sprayMIST
94.7%
'I Want to Hold Your _____'HAND
92%
Not easy or softHARD
91.3%
A group of cattleHERD
90.7%
The top part of the bodyHEAD
90.7%
Footwear for cowboysBOOT
89.8%
Library itemBOOK
89.2%
Pass out cardsDEAL
88.6%
Accessory that holds up your pantsBELT
88.4%
Execute with a nooseHANG
87.8%
Prepare foodCOOK
87.6%
A financial establishmentBANK
86.1%
Follower of floppy in computingDISK
84.6%
2008 Disney movieBOLT
83.5%
Fungus that grows on decaying foodsMOLD
82.6%
Thicken a fontBOLD
81.9%
Satellite or Petri, e.g.DISH
81.1%
Unsharp, boringDULL
80.7%
Burrowing rodentMOLE
80.5%
⋆ '[Rung 12] [Rung 12] You're _____' (2002)
'The _____ [Rung 24]' (1988) ⋆
⋆ DEAD ⋆
78.8%
Double; referring to twoDUAL
77.5%
Chic or hipCOOL
76.7%
Round object used in sportsBALL
76.3%
Damp or humid, like a memeDANK
76.2%
Roadway feeTOLL
75.7%
Hint 4-Letter Word % Correct
⋆ '[Rung 5] [Rung 5] _____ _____' (2005)
'_____ _____ You're [Rung 18]' (2002) ⋆
⋆ BANG ⋆
73.1%
Optimal; drummer before StarrBEST
72.1%
Narrate TELL
71.9%
CorridorHALL
71.5%
Softly hit a ballDINK
71.3%
'_____ cowbell!'MORE
71.3%
What Cinderella wore to the ballGOWN
71.2%
Nickname for Bruce SpringsteenBOSS
71%
DawnMORN
70.7%
Harry Truman's wifeBESS
69.7%
SurveyPOLL
68.8%
Sway or influencePULL
65.9%
Animated TV showTOON
65.1%
HenchmanGOON
64%
Illegal move by a pitcherBALK
60.4%
⋆ 'The [Rung 18] _____' (1988)
'_____ [Rung 34]' (2009) ⋆
⋆ POOL ⋆
60.4%
⋆ 'A [Rung 42] Called _____' (1971)
'To _____ and [Rung 53]' (1955) ⋆
⋆ HELL ⋆
59.9%
'Sober' and 'Schism' bandTOOL
59.8%
⋆ 'The _____ [Rung 5]' (2006) ⋆⋆ LAST ⋆
58.7%
Song by Natalie ImbrugliaTORN
56.4%
⋆ '[Rung 34] _____' (1938)
'A _____ Called [Rung 49]' (1971) ⋆
⋆ TOWN ⋆
50.5%
⋆ 'To [Rung 49] and _____' (1955) ⋆⋆ BACK ⋆
48%
⋆ 'The [Rung 1] _____' (2006)
'_____ _____ [Rung 12] [Rung 12]' (2005) ⋆
⋆ KISS ⋆
45.9%
City of ancient SumerKISH
40.7%
Woody's surname on 'Cheers'BOYD
36.5%
⋆ '[Rung 24] _____' (2008)
'_____ [Rung 42]' (1938) ⋆
⋆ BOYS ⋆
34.7%

Today's Daily Dose

Remove Ads.
Support Sporcle.
Get the best of Sporcle when you Go Orange. This ad-free experience offers more features, more stats, and more fun while also helping to support Sporcle. Thank you for becoming a member.

You're not logged in!

Compare scores with friends on all Sporcle quizzes.
OR
Log In

Show Comments

Extras

Top Quizzes Today


Score Distribution

Your Account Isn't Verified!

In order to create a playlist on Sporcle, you need to verify the email address you used during registration. Go to your Sporcle Settings to finish the process.

Report this User

Report this user for behavior that violates our Community Guidelines.

Details: